Places To Study

There are group study rooms, individual study carrels, computer labs, and other spaces to study in the Libraries.

Reserve A Group Room

Online Resources

Access thousands of eBooks, audiobooks, and online journals from the comfort of your home.

Explore Resources

Events and Workshops

Join our upcoming events and workshops to enhance your skills and knowledge.

View Events

သက္ကာယဒိဋ္ဌိထောင်တွင်းမှ အကျဉ်းသားများနှင့် ဗြိတ္တာဖြစ်ရခြင်းအကြောင်း / (Record no. 2680)

MARC details
000 -LEADER
fixed length control field 00996nam a22001937a 4500
003 - CONTROL NUMBER IDENTIFIER
control field OSt
005 - DATE AND TIME OF LATEST TRANSACTION
control field 20251209102156.0
008 - FIXED-LENGTH DATA ELEMENTS--GENERAL INFORMATION
fixed length control field 251209b |||||||| |||| 00| 0 eng d
040 ## - CATALOGING SOURCE
Transcribing agency DCL
082 ## - DEWEY DECIMAL CLASSIFICATION NUMBER
Classification number ၂၉၄.၃၃၆၈
100 0# - MAIN ENTRY--PERSONAL NAME
Personal name မြင့်ရွှေ(ပေါင်းတည်)။
245 1# - TITLE STATEMENT
Title သက္ကာယဒိဋ္ဌိထောင်တွင်းမှ အကျဉ်းသားများနှင့် ဗြိတ္တာဖြစ်ရခြင်းအကြောင်း /
Statement of responsibility, etc. မြင့်ရွှေ(ပေါင်းတည်)။
260 ## - PUBLICATION, DISTRIBUTION, ETC.
Place of publication, distribution, etc. ရန်ကုန် ၊
Name of publisher, distributor, etc. [ထုတ်ဝေသူမပါ] ၊
Date of publication, distribution, etc. [ခုနှစ်မပါ]။
300 ## - PHYSICAL DESCRIPTION
Extent ၁၃၄ စာမျက်နှာ ၊
Dimensions ၂၁ စင်တီ။
650 ## - SUBJECT ADDED ENTRY--TOPICAL TERM
Topical term or geographic name entry element ဗုဒ္ဓဝတ္ထု
General subdivision ဗြိတ္တာ
650 ## - SUBJECT ADDED ENTRY--TOPICAL TERM
Topical term or geographic name entry element ဝိပဿနာ
650 ## - SUBJECT ADDED ENTRY--TOPICAL TERM
Topical term or geographic name entry element ကမ္မဋ္ဌာန်း
942 ## - ADDED ENTRY ELEMENTS (KOHA)
Source of classification or shelving scheme Dewey Decimal Classification
Koha item type Short Term
Suppress in OPAC No
Holdings
Withdrawn status Lost status Source of classification or shelving scheme Damaged status Not for loan Collection Accession No. Home library Current library Shelving location Date acquired Total checkouts Full call number Barcode Date last seen Price effective from Koha item type
    Dewey Decimal Classification     Myanmar Collection ၁၂၁၄ Dhammadhara Dhammadhara Myanmar Shelves 09/12/2025   ၂၉၄.၃ မြင့် ၁၂၁၄ MB00001214 09/12/2025 09/12/2025 Short Term